[Event "Taastrup U14 4th"]
[Site "Taastrup"]
[Date "2016.04.23"]
[Round "2"]
[White "Mikkelsen, Kasper Loth"]
[Black "Falkenberg, Jonas"]
[Result "1-0"]
[WhiteElo "1109"]
[BlackElo "1372"]
[PlyCount "57"]
[EventDate "2016.04.07"]
[EventType "tourn"]
[EventRounds "5"]
[EventCountry "DEN"]
[SourceTitle "EXT 2024"]
[Source "ChessBase"]
[SourceDate "2023.10.10"]
[SourceVersion "1"]
[SourceVersionDate "2023.10.10"]
[SourceQuality "1"]

1. d4 d5 2. c4 dxc4 3. Nc3 Nf6 4. e3 e6 5. Bxc4 Nc6 6. Nf3 Bd7 7. Ne5 Bd6 8. Nxc6 Bxc6 9. Qc2 0-0 10. Bd2 Bb4 11. a3 Bxc3 12. Bxc3 b5 13. Bd3 a6 14. 0-0 Re8 15. f3 Qd6 16. e4 e5 17. d5 Bb7 18. h3 c6 19. dxc6 Bxc6 20. f4 Nxe4 21. Be1 Nf6 22. Rd1 exf4 23. Bxh7+ Nxh7 24. Rxd6 Be4 25. Qd1 Ng5 26. Bh4 Ne6 27. Qg4 f6 28. Bxf6 Rf8 29. Rxe6 1-0